Саха. Топографические портреты (Запись № 12399774)

Подробности
000 -МАРКЕР
контрольное поле 02651nam0a2200457 4500
001 - ИДЕНТИФИКАТОР ЗАПИСИ
контрольное поле RU\NLR\BIBL_A\012842288
005 - ИДЕНТИФИКАТОР ВЕРСИИ
контрольное поле 20250624180723.0
010 ## - МЕЖДУНАРОДНЫЙ СТАНДАРТНЫЙ НОМЕР КНИГИ (ISBN)
Номер (ISBN) 978-5-6046549-2-7
Тираж 300
021 ## - НОМЕР ГОСУДАРСТВЕННОЙ РЕГИСТРАЦИИ
Код страны российская федерация
Номер 2022-106и
Номер Листа государственной регистраци АЛ-П-23
035 ## - ДРУГИЕ СИСТЕМНЫЕ НОМЕРА
Идентификатор записи (RuMoRGB)010981370
035 ## - ДРУГИЕ СИСТЕМНЫЕ НОМЕРА
Идентификатор записи (NLR Aleph) 012842288
100 ## - ДАННЫЕ ОБЩЕЙ ОБРАБОТКИ
Данные общей обработки 20220706d2021 |||y0rusy50 ca
101 1# - ЯЗЫК РЕСУРСА
Язык текста, звукозаписи и т.д. английский
-- русский
102 ## - СТРАНА ПУБЛИКАЦИИ ИЛИ ПРОИЗВОДСТВА
Страна публикации российская федерация
105 ## - ПОЛЕ КОДИРОВАННЫХ ДАННЫХ: ТЕКСТОВЫЕ МАТЕРИАЛЫ, МОНОГРАФИЧЕСКИЕ
Кодированные данные о монографическом текстовом документе ac z 000zy
181 #0 - ПОЛЕ КОДИРОВАННЫХ ДАННЫХ: ВИД СОДЕРЖАНИЯ
Код вида содержания (ISBD) b3
Код характеристики содержания (ISBD) xb2e
181 #0 - ПОЛЕ КОДИРОВАННЫХ ДАННЫХ: ВИД СОДЕРЖАНИЯ
Код вида содержания (ISBD) i1
Код характеристики содержания (ISBD) axxe
182 #0 - ПОЛЕ КОДИРОВАННЫХ ДАННЫХ: ТИП СРЕДСТВА
Код типа средства (ISBD) n - непосредственное
200 1# - ЗАГЛАВИЕ И СВЕДЕНИЯ ОБ ОТВЕТСТВЕННОСТИ
Основное заглавие Саха. Топографические портреты
Параллельное заглавие Sakha. Topographic portraits
Сведения, относящиеся к заглавию фотоальбом
Первые сведения об ответственности Андрей Жилин
Последующие сведения об ответственности [Виктор благотворительный фонд им. В. И. Жилина]
Язык параллельного заглавия английский
203 ## - ВИД СОДЕРЖАНИЯ И ТИП СРЕДСТВА
Вид содержания Изображение
-- Текст
Дополнительные сведения об издании визуальные
Тип средства непосредственные
210 ## - ПУБЛИКАЦИЯ, РАСПРОСТРАНЕНИЕ И ДР.
Место издания, распространения и т.д. Санкт-Петербург
Имя издателя, распространителя и т. д. Синий гранат
Дата издания, распространения и т.д. 2021
215 ## - ФИЗИЧЕСКАЯ ХАРАКТЕРИСТИКА
Специфическое обозначение материала и объем [326] с.
Другие сведения о физической характеристике ил., цв. ил.
Размеры 29
300 ## - ОБЩИЕ ПРИМЕЧАНИЯ
Текст примечания Авт. также на англ. яз.: Andrei Zhilin
300 ## - ОБЩИЕ ПРИМЕЧАНИЯ
Текст примечания На обл. авт. не указан
300 ## - ОБЩИЕ ПРИМЕЧАНИЯ
Текст примечания Текст парал. англ., рус.
330 ## - РЕЗЮМЕ ИЛИ РЕФЕРАТ
Текст примечания Полтора месяца в землях Саха-много это или мало? Наверное, мало, скорее всего мало. Но процесс впитывания впечатлений идет в экстремальном темпе. География места, красота природы, замечательные люди. Изначально не в полной мере отслеживаешь то, что творится вокруг. В таком режиме работы происходит переключение на другой способ восприятия реальности и другая концентрация на процессе фотографирования
333 ## - ПРИМЕЧАНИЯ ОБ ОСОБЕННОСТЯХ РАСПРОСТРАНЕНИЯ И ИСПОЛЬЗОВАНИЯ
Текст примечания 10+
510 1# - ПАРАЛЛЕЛЬНОЕ ЗАГЛАВИЕ
Связь между полями z22790
Параллельное заглавие Sakha. Topographic portraits
Язык заглавия английский
600 #1 - ИМЯ ЛИЦА КАК ПРЕДМЕТ
Начальный элемент ввода Жилин
Часть имени, кроме начального элемента ввода А. В.
Расширение инициалов личного имени Андрей Викторович
Формальный подзаголовок Фотоальбомы
Системный номер авторитетной/нормативной записи 2528214
Идентификатор авторитетной/нормативной записи RU\NLR\AUTH\6601711696
607 ## - ГЕОГРАФИЧЕСКОЕ НАИМЕНОВАНИЕ КАК ПРЕДМЕТ
Географическое наименование Саха (Якутия), Республика
Формальный подзаголовок Фотоальбомы
Системный номер авторитетной/нормативной записи 2081256
Идентификатор авторитетной/нормативной записи RU\NLR\AUTH\661257233
675 ## - УНИВЕРСАЛЬНАЯ ДЕСЯТИЧНАЯ КЛАССИФИКАЦИЯ (UDC/УДК)
Индекс 778.041(571.56)(084)
Издание 4
686 1# - ИНДЕКСЫ ДРУГИХ КЛАССИФИКАЦИЙ
Индекс Д890(2Р54-6Я)я61
686 1# - ИНДЕКСЫ ДРУГИХ КЛАССИФИКАЦИЙ
Индекс Щ163(2Р=Рус)7-8Жилин я61
700 #1 - ИМЯ ЛИЦА - ПЕРВИЧНАЯ ОТВЕТСТВЕННОСТЬ
Начальный элемент ввода Жилин
Часть имени, кроме начального элемента ввода А. В.
Расширение инициалов личного имени Андрей Викторович
790 #1 - ИМЯ ЛИЦА - АЛЬТЕРНАТИВНАЯ ФОРМА
Связь между полями z22510
Начальный элемент ввода Žilin
Часть имени, кроме начального элемента ввода A. V.
Расширение инициалов личного имени Andrej Viktorovič
942 ## - ДОПОЛНИТЕЛЬНЫЕ ЭЛЕМЕНТЫ ЗАПИСИ (АБИС)
Тип экземпляра АБИС Книга
980 ## - КОЛЛЕКЦИЯ
Название коллекции Национальная библиография
Экземпляры
Тип экземпляра Дата поступления Источник поступления Стоимость Библиотека постоянного хранения Библиотека текущего хранения Место хранения Шифр хранения Штрих-код Статус не для выдачи
Книга 06.07.2022 Обязательный экземпляр 0.00 РНБ (Садовая) РНБ (Садовая) Фонд эстампов и фотографий (изоизданий) Э АлИр1003,1/2-Я497 1-3896105  
Книга 06.07.2022 Обязательный экземпляр 0.00 РНБ (Садовая) РНБ (Садовая) Фонд эстампов и фотографий (изоизданий) Э АлИр1003,1/2-Я497 1-3896106